| 000 | 00473ata a2200193 4500 | ||
|---|---|---|---|
| 005 | 20160929183332.0 | ||
| 008 | 150519b xxu||||| |||| 00| 0 spa d | ||
| 041 | _aspa | ||
| 082 | _a330 D131p | ||
| 100 |
_aDahl, Robert _923691 |
||
| 245 | _aPrefacio a la democracia económica | ||
| 260 | _aArgentina | ||
| 260 | _bGrupo Editor Latinoamericano | ||
| 260 | _c1990 | ||
| 300 | _a170 páginas | ||
| 650 |
_aECONOMÍA _9189 |
||
| 650 |
_aDEMOCRACIA _91100 |
||
| 942 | _cBK | ||
| 999 |
_c5688 _d5688 |
||